Proceedings of Workshop on Forest Management Planning in the High Hill Forests of Pakistan, November 22-26, 1987, Field Station/Shinkiari

Bibliographic Details
Corporate Author: WORKSHOP on Forest Management Planning in the High Hill Forests of Pakistan
Other Authors: Khattak
Format: Book
Published: Peshawar : Forestry Research Division, Pakistan Forest Institute , 1988
Subjects:

MARC

LEADER 00000cam a2200000 7i4500
001 0000002643
005 20031206.0
090 0 0 |a 634.92095491   |b WOR 1988 
110 1 0 |a WORKSHOP on Forest Management Planning in the High Hill Forests of Pakistan   |k 1987   |j Shinkiari, Pakistan 
245 1 0 |a Proceedings of Workshop on Forest Management Planning in the High Hill Forests of Pakistan, November 22-26, 1987, Field Station/Shinkiari   |c sponsored by Deutsche Gesellschaft für Technische Zusammenarbeit (GTZ)   |c editors, Ayaz Khan Khattak ... [et al.] 
260 0 0 |a Peshawar :   |b Forestry Research Division, Pakistan Forest Institute ,   |c 1988 
300 |a 98 p. :   |b ill. ;   |c 28 cm. 
500 0 0 |a Includes bibliographical references 
650 0 0 |a Forest management   |z Pakistan   |x Congresses 
650 0 0 |a Forests and forestry   |z Pakistan   |x Planning   |x Congresses 
700 0 1 |a Khattak   |h Ayaz Khan 
998 |a JPSM 
999 |a 0000004027   |b Monograph   |c Open Shelf   |e Default branch